Empire of tea : (Record no. 100046)
[ view plain ]
| 000 -LEADER | |
|---|---|
| fixed length control field | 01182nam a22002777a 4500 |
| 005 - DATE AND TIME OF LATEST TRANSACTION | |
| control field | 20170503150429.0 |
| 010 ## - LCCN (DPL NO) | |
| LC control number | 1617EN ENG-115137 |
| 020 ## - INTERNATIONAL STANDARD BOOK NUMBER | |
| International Standard Book Number | 9789385755699 |
| Terms of availability | 499.00 |
| 035 ## - SYSTEM CONTROL NUMBER | |
| System control number | B-651791-794 |
| 035 ## - SYSTEM CONTROL NUMBER | |
| System control number | B-666203 |
| 035 ## - SYSTEM CONTROL NUMBER | |
| System control number | EN-98669 |
| 037 ## - SOURCE OF ACQUISITION | |
| Source of stock number/acquisition | Pragati |
| Stock number | dpl |
| 037 ## - SOURCE OF ACQUISITION | |
| Source of stock number/acquisition | DBAD/PUB |
| 082 ## - DEWEY DECIMAL CLASSIFICATION NUMBER | |
| Classification number | 641.3372 |
| 100 ## - MAIN ENTRY--PERSONAL NAME | |
| Personal name | Ellis, Markman |
| 245 ## - TITLE STATEMENT | |
| Title | Empire of tea : |
| Remainder of title | the Asian leaf that conquered the world / |
| Statement of responsibility, etc | by Markman Ellis, Richard Coulton [and] Matthew Mauger |
| 260 ## - PUBLICATION, DISTRIBUTION, ETC. (IMPRINT) | |
| Place of publication, distribution, etc | New Delhi |
| Name of publisher, distributor, etc | Speaking Tiger |
| Date of publication, distribution, etc | 2015 |
| 270 ## - ADDRESS | |
| Address | 4381/4 Ansari Road, Daryaganj, |
| City | New Delhi |
| Postal code | 110002 |
| 300 ## - PHYSICAL DESCRIPTION | |
| Extent | 326p. : |
| Dimensions | 24cm(pbk) |
| Other physical details | ill.,maps |
| 500 ## - GENERAL NOTE | |
| General note | Includes bibliographical references and index |
| 700 ## - ADDED ENTRY--PERSONAL NAME | |
| Personal name | Coulton, Richard |
| 700 ## - ADDED ENTRY--PERSONAL NAME | |
| Personal name | Mauger, Matthew |
| 942 ## - ADDED ENTRY ELEMENTS (KOHA) | |
| Source of classification or shelving scheme | Dewey Decimal Classification |
| Item type | English Books |
| Call number suffix | ELL |
| Classification part | 641.3372 |
| Withdrawn status | Lost status | Not for loan | Collection code | Home library | Current library | Date acquired | Source of acquisition | Cost, normal purchase price | Full call number | Barcode | Copy number | Cost, replacement price | Koha item type |
|---|---|---|---|---|---|---|---|---|---|---|---|---|---|
| Non-fiction | Ashok Vihar | Ashok Vihar | 03/05/2017 | BPPD/EN/2016-17/AV/2016-17/466/15.2.2017/566/28.2.2017/ 10.3.2017 | 499.00 | 641.3372 ELL | B-666203 | 1 | 499.00 | English Books | |||
| Non-fiction | Central Jail Tihar | Central Jail Tihar | 23/05/2016 | DBAD/PUB | 499.00 | 641.3372 ELL | EN-98669 | 1 | 499.00 | English Books | |||
| Non-fiction | Central Library | Central Library | 09/02/2017 | BPPD/EN/2016-17/300/24.11.2016/IN339/2.12.2016/4.1.2017 | 499.00 | 641.3372 ELL | B-651791 | 1 | 499.00 | English Books | |||
| Non-fiction | Janak Puri | Janak Puri | 09/02/2017 | BPPD/EN/2016-17/300/24.11.2016/IN339/2.12.2016/4.1.2017 | 499.00 | 641.3372 ELL | B-651793 | 1 | 499.00 | English Books | |||
| Non-fiction | Patel Nagar | Patel Nagar | 09/02/2017 | BPPD/EN/2016-17/300/24.11.2016/IN339/2.12.2016/4.1.2017 | 499.00 | 641.3372 ELL | B-651792 | 1 | 499.00 | English Books | |||
| Non-fiction | Sarojini Nagar | Sarojini Nagar | 09/02/2017 | BPPD/EN/2016-17/300/24.11.2016/IN339/2.12.2016/4.1.2017 | 499.00 | 641.3372 ELL | B-651794 | 1 | 499.00 | English Books | |||
| Non-fiction | Shahdara Branch | Shahdara Branch | 10/05/2023 | DBAD/PUB | 499.00 | 641.3372 ELL | EN-120358 | 1 | 499.00 | English Books |
